| 000 | 00392nam a22001457a 4500 | ||
|---|---|---|---|
| 005 | 20200710114058.0 | ||
| 008 | 200710b xxu||||| |||| 00| 0 eng d | ||
| 082 | _a345.4005 DEB-I | ||
| 100 |
_aDEB,ASHOK KUMAR _96283 |
||
| 245 | _aINDIAN BAR REVIEW Vol. XXXV 11(1TO 2) 2010 | ||
| 260 |
_aNEW DELHI _bBAR COUNCIAL OF INDIA TRUST _c2010 |
||
| 300 | _a216p. | ||
| 650 |
_aLAW _95701 |
||
| 942 | _cJRL | ||
| 999 |
_c7401 _d7399 |
||